000 01076pam a2200337 a 4500
999 _c1631
_d1631
001 016136317
003 Uk
005 20230116121329.0
008 120724s2012 enka j 000 1 eng d
015 _aGBB275571
_2bnb
016 7 _a016136317
_2Uk
020 _a9781906230609 (pbk.) :
040 _aStDuBDS
_beng
_cStDuBDS
_dUk
_dKH8
042 _aukblcatcopy
082 0 4 _a823.8 ELI
_223
100 1 _aEliot, George,
_d1819-1880.
_eauthor
245 1 0 _aSilas Marner /
_cGeorge Eliot ; retold by Gill Tavner ; illustrated by Sarah Wimperis.
260 _aStroud :
_bReal Reads,
_c2012.
300 _a64 pages :
_billustrations ;
_c20 cm
336 _atext
_2rdacontent
337 _aunmediated
_2rdamedia
338 _avolume
_2rdacarrier
500 _aFormerly CIP.
_5Uk
650 0 _aCountry life
_zEngland
_xHistory
_y19th century
_vJuvenile fiction.
650 0 _aMisers
_zEngland
_vJuvenile fiction.
655 0 _aPastoral fiction.
655 0 _aChildren's stories.
700 1 _aTavner, Gill.
_eretold
700 1 _aWimperis, Sarah.
_eillustrator
942 _2ddc
_cNFIC